00474 a2200121 4500001000900000005001700009008004100026245015900067100001800226700002000244773007100264999001700335ART_283320260410161710.0260409a 10aLas consecuencias económicas y sociales de las políticas económicas ortodoxas aplicadas en la República Argentina durante los años de postguerra1 aEshag, Eprime1 aThorp, Rosemary0 tDesarrollo económicog- Vol. 4, Nº 16 (abr./jun. 1965)wREV1174 c16008d16008